00425nam a2200169Ia 4500003000400000008004100004040001600045082001300061100001900074245006200093700001900155260003200174300001000206650001500216650001200231650001200243GCL140319s9999 xx 000 0 eng d aGCL / cGCL04a822bS T1 aSIDNEY, JENNIE10aTENDER IS THE NIGHT: F SCOTT FITGERALD / cSIDNEY, JENNIE1 aBOTEMAN, BORRY a[S.N] : bLONGMAN ، c1994 a358 P04aLITERATURE04aSTORIES04aENGLISH